<?xml version="1.0" encoding="UTF-8"?>
<record
    xmlns:xsi="http://www.w3.org/2001/XMLSchema-instance"
    xsi:schemaLocation="http://www.loc.gov/MARC21/slim http://www.loc.gov/standards/marcxml/schema/MARC21slim.xsd"
    xmlns="http://www.loc.gov/MARC21/slim">

  <leader>01479nam a2200205 a 4500</leader>
  <controlfield tag="008">190917t2001    sp  |||g |||| 001 0 spa d</controlfield>
  <datafield tag="020" ind1=" " ind2=" ">
    <subfield code="a">8420634093</subfield>
  </datafield>
  <datafield tag="041" ind1=" " ind2=" ">
    <subfield code="a">spa</subfield>
  </datafield>
  <datafield tag="092" ind1=" " ind2=" ">
    <subfield code="c">808</subfield>
    <subfield code="l">77</subfield>
    <subfield code="s">SAL</subfield>
  </datafield>
  <datafield tag="100" ind1="1" ind2=" ">
    <subfield code="a">Salinger, J. D.</subfield>
    <subfield code="9">4030</subfield>
  </datafield>
  <datafield tag="245" ind1="3" ind2=" ">
    <subfield code="a">El guardi&#xE1;n entre el centeno /</subfield>
    <subfield code="c">J. D. Salinger</subfield>
  </datafield>
  <datafield tag="250" ind1=" " ind2=" ">
    <subfield code="a">1a ed. 4ta reimp.</subfield>
    <subfield code="b">Traducci&#xF3;n Carmen Criado</subfield>
  </datafield>
  <datafield tag="260" ind1=" " ind2=" ">
    <subfield code="a">Madrid:</subfield>
    <subfield code="b">Alianza editorial;</subfield>
    <subfield code="c">2001.</subfield>
  </datafield>
  <datafield tag="300" ind1=" " ind2=" ">
    <subfield code="a">228 p.</subfield>
  </datafield>
  <datafield tag="500" ind1=" " ind2=" ">
    <subfield code="a">Salinger, J. D. (2001). El guardi&#xE1;n entre el centeno. (1a ed.). Madrid : Alianza editorial.</subfield>
  </datafield>
  <datafield tag="505" ind1=" " ind2=" ">
    <subfield code="a">Si de verdad les interesa lo que voy a contarles, lo primero que querr&#xE1;n saber es d&#xF3;nde nac&#xED;, c&#xF3;mo fue todo ese rollo de mi infancia, qu&#xE9; hac&#xED;an mis padres antes de tenerme a m&#xED;, y dem&#xE1;s pu&#xF1;etas estilo David Copperfield, pero no tengo ganas de contarles nada de eso. Primero porque es una lata, y, segundo, porque a mis padres les dar&#xED;a un ataque si yo me pusiera aqu&#xED; a hablarles de su vida privada. Para esas cosas son muy especiales, sobre todo mi padre. Son buena gente, no digo que no, pero a quisquillosos no hay quien les gane. Adem&#xE1;s, no crean que voy a contarles mi autobiograf&#xED;a con pelos y se&#xF1;ales. S&#xF3;lo voy a contarles una cosa de locos que me pas&#xF3; durante las Navidades pasadas, antes de que me quedara tan d&#xE9;bil que tuvieran que mandarme aqu&#xED; a reponerme un poco. </subfield>
  </datafield>
  <datafield tag="590" ind1=" " ind2=" ">
    <subfield code="a">Proyecto 4to libro, Donaci&#xF3;n Constanzo Juan Carlos, marzo 2019</subfield>
  </datafield>
  <datafield tag="655" ind1=" " ind2=" ">
    <subfield code="a">Literatura</subfield>
    <subfield code="9">2917</subfield>
  </datafield>
  <datafield tag="942" ind1=" " ind2=" ">
    <subfield code="2">ddc</subfield>
    <subfield code="c">LIT</subfield>
  </datafield>
  <datafield tag="999" ind1=" " ind2=" ">
    <subfield code="c">2870</subfield>
    <subfield code="d">2870</subfield>
  </datafield>
  <datafield tag="952" ind1=" " ind2=" ">
    <subfield code="0">0</subfield>
    <subfield code="1">0</subfield>
    <subfield code="2">ddc</subfield>
    <subfield code="4">0</subfield>
    <subfield code="7">0</subfield>
    <subfield code="a">BFM</subfield>
    <subfield code="b">BFM</subfield>
    <subfield code="c">CR</subfield>
    <subfield code="d">2019-03-06</subfield>
    <subfield code="e">Donaci&#xF3;n Constanzo, Juan Carlos, marzo 2019</subfield>
    <subfield code="l">0</subfield>
    <subfield code="o">808 77 SAL</subfield>
    <subfield code="p">4405</subfield>
    <subfield code="r">2019-03-06</subfield>
    <subfield code="t">Ej. 1</subfield>
    <subfield code="w">2019-03-06</subfield>
    <subfield code="y">LIT</subfield>
    <subfield code="z">Proyecto 4to libro. Donaci&#xF3;n Constanzo Juan Carlos, marzo 2019</subfield>
  </datafield>
</record>
